Change Management/ (Record no. 9344)

MARC details
000 -LEADER
fixed length control field 00660nam a22002057a 4500
003 - CONTROL NUMBER IDENTIFIER
control field OSt
005 - DATE AND TIME OF LATEST TRANSACTION
control field 20240830195741.0
008 - FIXED-LENGTH DATA ELEMENTS--GENERAL INFORMATION
fixed length control field 240830b |||||||| |||| 00| 0 eng d
020 ## - INTERNATIONAL STANDARD BOOK NUMBER
International Standard Book Number 0761964991
040 ## - CATALOGING SOURCE
Original cataloging agency MUST
Transcribing agency DDC
082 ## - DEWEY DECIMAL CLASSIFICATION NUMBER
Classification number 658.4 PAT 2000
100 ## - MAIN ENTRY--PERSONAL NAME
Personal name Paton Robert A. and McCalman James
9 (RLIN) 19089
245 ## - TITLE STATEMENT
Title Change Management/
Remainder of title A guide to Effective Implementation
Statement of responsibility, etc. Paton Robert A. and McCalman James
250 ## - EDITION STATEMENT
Edition statement Second Edition
260 ## - PUBLICATION, DISTRIBUTION, ETC. (IMPRINT)
Place of publication, distribution, etc. Califonia:
Name of publisher, distributor, etc. SAGE Publications Ltd,;
Date of publication, distribution, etc. 2000.
300 ## - PHYSICAL DESCRIPTION
Extent vii,280p:
Other physical details ill;
Dimensions 23cm.
504 ## - BIBLIOGRAPHY, ETC. NOTE
Bibliography, etc includes bibliographical References and indexes
650 ## - SUBJECT ADDED ENTRY--TOPICAL TERM
Topical term or geographic name as entry element Management
9 (RLIN) 364
942 ## - ADDED ENTRY ELEMENTS (KOHA)
Source of classification or shelving scheme Dewey Decimal Classification
Koha item type Open Shelf
Holdings
Withdrawn status Lost status Source of classification or shelving scheme Damaged status Not for loan Home library Current library Source of acquisition Inventory number Total Checkouts Full call number Barcode Date last seen Koha item type
    Dewey Decimal Classification     MUST Main Library MUST Main Library Donation 03/20614   658.4 PAT 2000 2024-22298 30/08/2024 Open Shelf